| 000 | 00746nam a2200253Ia 4500 | ||
|---|---|---|---|
| 003 | GCL | ||
| 008 | 140319s9999 xx 000 0 ara d | ||
| 040 |
_aGCL / _cGCL |
||
| 082 | 0 | 4 |
_a301.21 _bف ت |
| 100 | 1 | _aفردريك معتوق | |
| 245 | 1 | 0 |
_aتنوع ثقافى لا تعددية ثقافية / _cفردريك معتوق |
| 260 |
_a[S.N] : _bجروس برس ، _c1984 |
||
| 300 | _a54 | ||
| 490 | _a | ||
| 650 | 0 | 4 | _aالمجتمع |
| 650 | 0 | 4 | _aلبنان |
| 650 | 0 | 4 | _aالثقافة |
| 650 | 0 | 4 | _aالثقافة الجماهيرية |
| 650 | 0 | 4 | _aوسائل الاعلان |
| 650 | 0 | 4 | _aوسائل الاعلام |
| 650 | 0 | 4 | _aالعلاقات الثقافية |
| 650 | 0 | 4 | _aالحرب الاهلية |
| 942 |
_2ddc _cBK |
||
| 999 |
_c53070 _d53070 |
||